01478nam a2200361Ia 4500001001200000003000800012006001900020007001500039008004100054010001700095020001800112020003000130020002700160040002100187035002100208050002700229082001900256100001900275245011300294260004900407300002200456490006000478504005100538533015200589650003200741650003800773650003900811650003300850655002900883710001700912830006100929856012600990ebr10661818CaPaEBRm u cr cn|||||||||091006s2009 nyua sb 001 0 eng d z 2009040469 z9781611220155 z9781608762606 (softcover) z1608762602 (softcover) aCaPaEBRcCaPaEBR a(OCoLC)83930544014aLB1028.5b.H625 2009eb04a371.3094112221 aHogarth, Alan.10aAdopting blended learning for collaborative work in higher educationh[electronic resource] /cAlan Hogarth. aNew York :bNova Science Publishers,cc2009. axi, 73 p. :bill.1 aEducation in a competitive and globalizing world series aIncludes bibliographical references and index. aElectronic reproduction.bPalo Alto, Calif. :cebrary,d2013.nAvailable via World Wide Web.nAccess may be limited to ebrary affiliated libraries. 0aBlended learningzScotland. 0aEducational technologyzScotland. 0aGroup work in educationzScotland. 0aEducation, HigherzScotland. 7aElectronic books.2local2 aebrary, Inc. 0aEducation in a competitive and globalizing world series.40uhttp://site.ebrary.com/lib/rucke/Doc?id=10661818zAn electronic book accessible through the World Wide Web; click to view